Guess the 1970s song lyrics #229 - Statistics

General Stats
  • This quiz has been taken 27 times
  • The average score is 158 of 239
Answer Stats
Answer % Correct
I
100%
love
89%
my
89%
you
89%
is
84%
to
79%
for
74%
Then
74%
who
74%
am
68%
if
68%
If
68%
know
68%
that
68%
there
68%
your
68%
And
63%
can
63%
do
63%
like
63%
me
63%
What
63%
what
63%
But
58%
by
58%
it's
58%
need
58%
of
58%
can't
53%
give
53%
life
53%
not
53%
Oh
53%
say
53%
without
53%
feel
47%
I'll
47%
now
47%
side
47%
best
42%
Tell
42%
tell
42%
try
42%
day
37%
make
37%
anytime
26%
everyone
26%
everything
26%
succeed
21%
No matching quizzes found
Score Distribution
Percent of People with Each Score
Percentile by Number Answered
Your Score History
You have not taken this quiz